Философия: история и современные задачи: учебник для вузов

Detaylı Bibliyografya
Yazar: Бессонов Б. Н. Борис Николаевич
Özet:Учебник подготовлен в соответствии с вузовской программой. В нем наряду с основными понятиями и проблемами, историческими этапами и направлениями развития философии от античности до наших дней анализируются классические школы философии, а также течения философской мысли, возникшие на рубеже XX и XXI вв. В отличие от других учебных изданий философия в данной книге представлена как наука, не только изучающая все о бе законы бытия, но и показывающая их значение для понимания и решения современных проблем человечества.
Dil:Rusça
Baskı/Yayın Bilgisi: Москва, Норма, 2009
Konular:
Materyal Türü: Kitap
KOHA link:https://koha.lib.tpu.ru/cgi-bin/koha/opac-detail.pl?biblionumber=166923

MARC

LEADER 00000nam0a2200000 4500
001 166923
005 20231101222645.0
010 |a 5891239566 
035 |a (RuTPU)RU\TPU\book\181057 
035 |a RU\TPU\book\108673 
090 |a 166923 
100 |a 20060829d2009 m y0rusy50 ca 
101 0 |a rus 
102 |a RU 
105 |a y j 000zy 
200 1 |a Философия: история и современные задачи  |e учебник для вузов  |f Б. Н. Бессонов 
210 |a Москва  |c Норма  |d 2009 
215 |a 560 с. 
330 |a Учебник подготовлен в соответствии с вузовской программой. В нем наряду с основными понятиями и проблемами, историческими этапами и направлениями развития философии от античности до наших дней анализируются классические школы философии, а также течения философской мысли, возникшие на рубеже XX и XXI вв. В отличие от других учебных изданий философия в данной книге представлена как наука, не только изучающая все о бе законы бытия, но и показывающая их значение для понимания и решения современных проблем человечества. 
606 1 |a Философия  |2 stltpush  |3 (RuTPU)RU\TPU\subj\63880  |9 80812 
610 1 |a история 
610 1 |a античная философия 
610 1 |a средневековая философия 
610 1 |a Древний Восток 
610 1 |a Ренессанс 
610 1 |a Новое время 
610 1 |a Просвещение 
610 1 |a материализм 
610 1 |a 18 век 
610 1 |a 19 век 
610 1 |a 20 век 
610 1 |a социалисты-утописты 
610 1 |a марксизм 
610 1 |a позитивизм 
610 1 |a русская философия 
610 1 |a бытие 
610 1 |a онтология 
610 1 |a человек 
610 1 |a пространство 
610 1 |a время 
610 1 |a гносеология 
610 1 |a диалектика 
610 1 |a категории 
610 1 |a истина 
610 1 |a практика 
610 1 |a познание 
610 1 |a социальная философия 
610 1 |a гражданское общество 
610 1 |a этнос 
610 1 |a нации 
610 1 |a национальная политика 
610 1 |a учебники 
686 |a Ю0/3я73  |v LBC/SL-A  |2 rubbk 
700 1 |a Бессонов  |b Б. Н.  |g Борис Николаевич 
801 1 |a RU  |b 63413507  |c 20091009 
801 2 |a RU  |b 63413507  |c 20150818  |g RCR 
942 |c BK 
959 |a 103/20091007  |d 2  |e 229,90  |f ЧЗГЛ:1  |f АНЛ:1